[Event "8. Open Bali sub-2300"]
[Site "Benidorm ESP"]
[Date "2009.11.29"]
[Round "2.10"]
[White "Tejero Royo, Fermin"]
[Black "Martin Fuentes, Alberto"]
[Result "1/2-1/2"]
[WhiteElo "2170"]
[BlackElo "2247"]
[PlyCount "93"]
[EventDate "2009.11.28"]
[EventType "swiss"]
[EventRounds "10"]
[EventCountry "ESP"]
[Source "lmi"]
[SourceDate "2009.11.28"]

1. e4 e6 2. d4 d5 3. Nd2 Nf6 4. e5 Nfd7 5. Bd3 c5 6. c3 Nc6 7. Ne2 cxd4 8. cxd4
f6 9. exf6 Qxf6 10. Nf3 h6 11. O-O Bd6 12. Ng3 O-O 13. b3 Rd8 14. Bb2 Nf8 15.
Qe2 Bd7 16. Nh5 Qe7 17. Ne5 Be8 18. f4 Qh4 19. Ng3 a6 20. Rad1 Nb4 21. Rf2 Nxd3
22. Qxd3 g6 23. Nf1 Bb5 24. Qb1 Qf6 25. Ne3 Rac8 26. g4 Rc7 27. g5 hxg5 28.
N3g4 Qe7 29. a4 Bc6 30. Rdf1 gxf4 31. Rxf4 Bxe5 32. dxe5 d4 33. Qd3 Kg7 34. Qh3
Qg5 35. Bc1 Qh5 36. Qg3 d3 37. Rxf8 Rxf8 38. Bh6+ Qxh6 39. Nxh6 Rxf1+ 40. Kxf1
d2 41. Ke2 Rd7 42. Kd1 Kxh6 43. Qh4+ Kg7 44. Qf6+ Kh6 45. Qh4+ Kg7 46. Qf6+ Kh6
47. Qh4+ 1/2-1/2

[Event "8. Open Bali sub-2300"]
[Site "Benidorm ESP"]
[Date "2009.11.29"]
[Round "2.11"]
[White "Torres, Jose Daniel"]
[Black "Ibarra Jerez, Juan Miguel"]
[Result "0-1"]
[WhiteElo "2163"]
[BlackElo "2244"]
[PlyCount "40"]
[EventDate "2009.11.28"]
[EventType "swiss"]
[EventRounds "10"]
[EventCountry "ESP"]
[Source "lmi"]
[SourceDate "2009.11.28"]

1. d4 Nf6 2. c4 g6 3. Nc3 Bg7 4. e4 O-O 5. Nf3 d6 6. Be2 e5 7. d5 a5 8. Bg5 Na6
9. Nd2 Qe8 10. a3 Bd7 11. O-O h6 12. Be3 a4 13. Nb5 Qe7 14. Rc1 Ne8 15. Qxa4 f5
16. f3 h5 17. c5 dxc5 18. Rxc5 Bh6 19. Bxh6 Qxc5+ 20. Kh1 Nd6 0-1

[Event "8. Open Bali sub-2300"]
[Site "Benidorm ESP"]
[Date "2009.11.29"]
[Round "2.12"]
[White "Maisuradze, Nino"]
[Black "Plaza Pardo, Daniel"]
[Result "1/2-1/2"]
[WhiteElo "2242"]
[BlackElo "2151"]
[PlyCount "110"]
[EventDate "2009.11.28"]
[EventType "swiss"]
[EventRounds "10"]
[EventCountry "ESP"]
[Source "lmi"]
[SourceDate "2009.11.28"]

1. d4 d5 2. c4 c6 3. Nc3 Nf6 4. cxd5 cxd5 5. Bf4 Nc6 6. e3 a6 7. Bd3 Bg4 8. f3
Bh5 9. Qb3 Na5 10. Qa4+ Nc6 11. Nge2 e6 12. Rc1 Be7 13. O-O O-O 14. Bg3 Bg6 15.
Nf4 Bd6 16. Nce2 Bxd3 17. Nxd3 Bxg3 18. hxg3 Nd7 19. Nc5 Nxc5 20. Rxc5 Qb6 21.
Qc2 g6 22. Rd1 Rfc8 23. Rd3 Qd8 24. Rb3 Qd7 25. Rbc3 Kg7 26. a3 Re8 27. Nf4
Rad8 28. b4 Qe7 29. Kf2 h5 30. Qd2 Qf6 31. b5 axb5 32. Rxb5 Rd7 33. Qb2 Qe7 34.
Rcb3 Nd8 35. Nd3 Rc7 36. Nc5 Kh7 37. Nxb7 Nxb7 38. Rxb7 Rec8 39. Rxc7 Rxc7 40.
Rc3 Rb7 41. Rb3 Ra7 42. Qc1 Rc7 43. Rc3 Ra7 44. Rc5 Kg7 45. Qb2 Rb7 46. Qc2 Qd7
47. Rc6 Qe7 48. Rc5 Qd7 49. a4 Rb4 50. a5 Qb7 51. Qd3 Rb1 52. Qd2 Qb3 53. Rc2
Qa4 54. Rc1 Rxc1 55. Qxc1 Qxa5 1/2-1/2

[Event "8. Open Bali sub-2300"]
[Site "Benidorm ESP"]
[Date "2009.11.29"]
[Round "2.13"]
[White "Del Valle Cirera, Adria"]
[Black "Daoudi, Kamal"]
[Result "1-0"]
[WhiteElo "2236"]
[BlackElo "2142"]
[PlyCount "49"]
[EventDate "2009.11.28"]
[EventType "swiss"]
[EventRounds "10"]
[EventCountry "ESP"]
[Source "lmi"]
[SourceDate "2009.11.28"]

1. e4 e5 2. Nf3 Nc6 3. Bb5 a6 4. Ba4 Nf6 5. Qe2 b5 6. Bb3 Bc5 7. c3 d6 8. O-O
Bg4 9. h3 Bh5 10. Rd1 O-O 11. d3 h6 12. Nbd2 Re8 13. Nf1 Qd7 14. Ng3 Bg6 15.
Nh4 Kh7 16. Nhf5 d5 17. Qf3 d4 18. Nxh6 dxc3 19. bxc3 b4 20. Nhf5 bxc3 21. Bg5
Ng8 22. Qg4 Nge7 23. Qh4+ Kg8 24. Nxg7 Bh7 25. N3h5 1-0

[Event "8. Open Bali sub-2300"]
[Site "Benidorm ESP"]
[Date "2009.11.29"]
[Round "2.14"]
[White "Garcia Gata, Jorge D"]
[Black "Sabater Sanchez, Asensio"]
[Result "1-0"]
[WhiteElo "2153"]
[BlackElo "2230"]
[PlyCount "69"]
[EventDate "2009.11.28"]
[EventType "swiss"]
[EventRounds "10"]
[EventCountry "ESP"]
[Source "lmi"]
[SourceDate "2009.11.28"]

1. d4 d5 2. c4 c6 3. e3 Nf6 4. Nc3 a6 5. Nf3 b5 6. b3 Bg4 7. Be2 e6 8. O-O Nbd7
9. Ne5 Bxe2 10. Qxe2 Nxe5 11. dxe5 Nd7 12. f4 Bc5 13. Bb2 O-O 14. Rf3 f5 15.
cxd5 cxd5 16. Rh3 g6 17. Qf3 Nb6 18. Ne2 Nd7 19. Rd1 Nb6 20. Bd4 Rc8 21. Bxc5
Rxc5 22. g4 Qe7 23. gxf5 gxf5 24. Nd4 Kh8 25. Qh5 Rg8+ 26. Kh1 Rc7 27. Qh6 Re8
28. Rg1 Qf7 29. Rhg3 Rce7 30. Rg6 Nd7 31. Nc6 b4 32. Nxe7 Rxe7 33. Rg7 Qxg7 34.
Rxg7 Rxg7 35. Qxe6 1-0

[Event "8. Open Bali sub-2300"]
[Site "Benidorm ESP"]
[Date "2009.11.29"]
[Round "2.15"]
[White "Jordan Martinez, Miguel"]
[Black "Goormachtigh, Johan"]
[Result "1/2-1/2"]
[WhiteElo "2077"]
[BlackElo "2225"]
[PlyCount "72"]
[EventDate "2009.11.28"]
[EventType "swiss"]
[EventRounds "10"]
[EventCountry "ESP"]
[Source "lmi"]
[SourceDate "2009.11.28"]

1. e4 c5 2. Nf3 Nc6 3. c4 e6 4. Nc3 Nf6 5. Be2 d5 6. exd5 exd5 7. d4 cxd4 8.
Nxd4 Be7 9. Be3 O-O 10. O-O Nxd4 11. Qxd4 dxc4 12. Bxc4 Qxd4 13. Bxd4 Rd8 14.
Be5 Bf5 15. Rad1 Bc2 16. Rxd8+ Rxd8 17. Rc1 Bd3 18. Bb3 Kf8 19. Na4 Be4 20. f3
Bc6 21. Rc2 Nd5 22. Rd2 Nb4 23. Rxd8+ Bxd8 24. Bd4 b6 25. a3 Na6 26. Bc2 Be7
27. b4 Nc7 28. Nc3 g6 29. Bd3 Bd6 30. Be3 Be5 31. Bd2 Bd4+ 32. Kf1 Nd5 33. Nb5
Bxb5 34. Bxb5 Ke7 35. Ke2 Nc3+ 36. Bxc3 Bxc3 1/2-1/2

[Event "8. Open Bali sub-2300"]
[Site "Benidorm ESP"]
[Date "2009.11.29"]
[Round "2.16"]
[White "Montero Fernandez, Oscar"]
[Black "Fernandez Manrique, Agustin"]
[Result "1/2-1/2"]
[WhiteElo "2223"]
[BlackElo "2135"]
[PlyCount "26"]
[EventDate "2009.11.28"]
[EventType "swiss"]
[EventRounds "10"]
[EventCountry "ESP"]
[Source "lmi"]
[SourceDate "2009.11.28"]

1. d4 Nf6 2. c4 g6 3. g3 Bg7 4. Bg2 O-O 5. Nc3 d6 6. Nf3 Nc6 7. O-O Bg4 8. d5
Na5 9. b3 c5 10. dxc6 Nxc6 11. Bb2 a6 12. Qd2 Rb8 13. Qc1 Qa5 1/2-1/2

[Event "8. Open Bali sub-2300"]
[Site "Benidorm ESP"]
[Date "2009.11.29"]
[Round "2.17"]
[White "Rocabert, Andreu Guillemo"]
[Black "Lada, Ireneusz"]
[Result "1/2-1/2"]
[WhiteElo "2222"]
[BlackElo "2123"]
[PlyCount "70"]
[EventDate "2009.11.28"]
[EventType "swiss"]
[EventRounds "10"]
[EventCountry "ESP"]
[Source "lmi"]
[SourceDate "2009.11.28"]

1. c4 b6 2. Nc3 e6 3. Nf3 Bb7 4. g3 Bxf3 5. exf3 c5 6. d4 cxd4 7. Qxd4 Nc6 8.
Qd1 Bb4 9. Bd2 Nf6 10. a3 Be7 11. f4 Rc8 12. Bg2 O-O 13. O-O Na5 14. b3 g6 15.
Nb5 a6 16. Nd4 d5 17. Be3 Re8 18. Re1 Bf8 19. h3 Qc7 20. cxd5 Nxd5 21. Bxd5
exd5 22. Qf3 Qd6 23. b4 Nc4 24. b5 axb5 25. Nxb5 Qd7 26. a4 Qxh3 27. Bd4 Qd7
28. Rxe8 Rxe8 29. Rd1 Qf5 30. Ba1 Bg7 31. Bxg7 Kxg7 32. Rxd5 Re1+ 33. Kh2 Qe4
34. Qxe4 Rxe4 35. Nc3 Re6 1/2-1/2

[Event "8. Open Bali sub-2300"]
[Site "Benidorm ESP"]
[Date "2009.11.29"]
[Round "2.18"]
[White "Tonus, Alex"]
[Black "Exposito Amaro, Josue"]
[Result "0-1"]
[WhiteElo "2056"]
[BlackElo "2221"]
[PlyCount "114"]
[EventDate "2009.11.28"]
[EventType "swiss"]
[EventRounds "10"]
[EventCountry "ESP"]
[Source "lmi"]
[SourceDate "2009.11.28"]

1. e4 c5 2. Nf3 e6 3. d4 cxd4 4. Nxd4 Nf6 5. Nc3 Qb6 6. Nb3 Bb4 7. Bd3 Bxc3+ 8.
bxc3 d6 9. O-O O-O 10. Kh1 Nbd7 11. f4 e5 12. Qf3 Qc6 13. Bb2 b6 14. Rae1 a5
15. c4 Ba6 16. Nd2 Rfe8 17. Qe2 Rac8 18. Qf2 Nc5 19. Qh4 b5 20. fxe5 dxe5 21.
cxb5 Bxb5 22. Bxb5 Qxb5 23. Ba1 Nfd7 24. Rf3 Ne6 25. Rh3 Ndf8 26. Nf3 f6 27.
Qf2 Qa4 28. Nh4 Rxc2 29. Qf5 Re2 30. Qf1 Rxe1 31. Qxe1 Rd8 32. Rb3 Qxe4 33. Re3
Qa4 34. Qf2 Qxa2 35. Qf1 Qa4 36. Nf3 Ng6 37. g3 Ne7 38. Re1 Qc6 39. Kg1 Qc5+
40. Kg2 Nf5 41. Qe2 Ned4 42. Qa2+ Qd5 43. Qxd5+ Rxd5 44. Nxd4 Nxd4 45. Bxd4
Rxd4 46. Ra1 a4 47. Kf3 Kf7 48. h3 h5 49. h4 Kg6 50. Ra3 Kf5 51. Rc3 Rb4 52.
Kg2 Rb2+ 53. Kh3 g5 54. hxg5 fxg5 55. Rf3+ Kg6 56. g4 hxg4+ 57. Kxg4 Rb4+ 0-1

[Event "8. Open Bali sub-2300"]
[Site "Benidorm ESP"]
[Date "2009.11.29"]
[Round "2.19"]
[White "Van Hoolandt, Patrick"]
[Black "Farrand, Julian T"]
[Result "1-0"]
[WhiteElo "2211"]
[BlackElo "2103"]
[PlyCount "75"]
[EventDate "2009.11.28"]
[EventType "swiss"]
[EventRounds "10"]
[EventCountry "ESP"]
[Source "lmi"]
[SourceDate "2009.11.28"]

1. d4 d6 2. Nf3 Nf6 3. c4 Nbd7 4. Nc3 e5 5. e4 c6 6. Be2 Be7 7. O-O O-O 8. Rb1
a5 9. b3 Re8 10. Re1 Qc7 11. Bf1 Bf8 12. Bd2 g6 13. d5 Nc5 14. a3 Bg4 15. b4
axb4 16. axb4 Ncd7 17. h3 Bxf3 18. Qxf3 Nh5 19. Rbc1 Qd8 20. Ra1 c5 21. Nb5 Qb6
22. Be3 Ra6 23. Qd1 Rea8 24. g3 Nhf6 25. Bd3 Ne8 26. Rb1 Qd8 27. bxc5 Nxc5 28.
Bxc5 dxc5 29. Rb2 Ra2 30. Rxa2 Rxa2 31. Qb3 Qa5 32. Qc3 Qxc3 33. Nxc3 b6 34.
Rb1 Bd6 35. Nb5 Rd2 36. Bf1 Kg7 37. Nxd6 Nxd6 38. Rxb6 1-0

[Event "8. Open Bali sub-2300"]
[Site "Benidorm ESP"]
[Date "2009.11.29"]
[Round "2.20"]
[White "Diez Machin, Vicente"]
[Black "Tscharotschkin, Michael"]
[Result "0-1"]
[WhiteElo "2019"]
[BlackElo "2209"]
[PlyCount "75"]
[EventDate "2009.11.28"]
[EventType "swiss"]
[EventRounds "10"]
[EventCountry "ESP"]
[Source "lmi"]
[SourceDate "2009.11.28"]

1. e4 e6 2. d4 d5 3. e5 c5 4. c3 Qb6 5. dxc5 Bxc5 6. Qe2 d4 7. Qb5+ Qxb5 8.
Bxb5+ Bd7 9. a4 Nc6 10. Nf3 Nge7 11. O-O Ng6 12. Re1 Bb6 13. b3 Bc7 14. Bxc6
bxc6 15. Ba3 f6 16. exf6 gxf6 17. c4 Kf7 18. Nbd2 e5 19. g3 e4 20. Nxd4 Ne5 21.
f4 Nd3 22. Re3 Bb6 23. Rxd3 exd3 24. c5 Bc7 25. N2f3 h5 26. Rd1 h4 27. Rxd3
hxg3 28. hxg3 Rag8 29. Kf2 Rh3 30. Bc1 Kf8 31. Nh4 Rh2+ 32. Ke1 Rh1+ 33. Kd2
Rxg3 34. Rxg3 Bxf4+ 35. Ke2 Bxg3 36. Bh6+ Ke8 37. Nhf5 Rh2+ 38. Ke3 0-1

[Event "8. Open Bali sub-2300"]
[Site "Benidorm ESP"]
[Date "2009.11.30"]
[Round "3.2"]
[White "Van Hoolandt, Patrick"]
[Black "Trepat Herranz, Joan"]
[Result "1/2-1/2"]
[WhiteElo "2211"]
[BlackElo "2284"]
[PlyCount "41"]
[EventDate "2009.11.28"]
[EventType "swiss"]
[EventRounds "10"]
[EventCountry "ESP"]
[Source "lmi"]
[SourceDate "2009.11.28"]

1. e4 c6 2. c4 d5 3. exd5 cxd5 4. d4 Nf6 5. Nc3 e6 6. Nf3 Be7 7. Be2 O-O 8. O-O
dxc4 9. Bxc4 Nc6 10. a3 b6 11. Re1 Bb7 12. Bg5 Nd5 13. Bxd5 Bxg5 14. Be4 Bf6
15. Qd3 g6 16. Qc2 Na5 17. Qd1 Nc6 18. Qc2 Bg5 19. Qd1 Bf6 20. d5 exd5 21. Nxd5
1/2-1/2

[Event "8. Open Bali sub-2300"]
[Site "Benidorm ESP"]
[Date "2009.11.30"]
[Round "3.3"]
[White "Tscharotschkin, Michael"]
[Black "Chueca Forcen, Alberto"]
[Result "0-1"]
[WhiteElo "2209"]
[BlackElo "2280"]
[PlyCount "101"]
[EventDate "2009.11.28"]
[EventType "swiss"]
[EventRounds "10"]
[EventCountry "ESP"]
[Source "lmi"]
[SourceDate "2009.11.28"]

1. d4 d5 2. Nf3 c5 3. e3 Nf6 4. c3 cxd4 5. exd4 Nc6 6. Bd3 Bg4 7. h3 Bh5 8. Bf4
e6 9. Qb3 Qc8 10. Ne5 Be7 11. Nd2 Nxe5 12. Bxe5 O-O 13. O-O Bg6 14. Bxg6 hxg6
15. Rae1 Qc6 16. Re3 b5 17. Bxf6 Bxf6 18. Nf3 a5 19. Ne5 Bxe5 20. Rxe5 Rfc8 21.
Qd1 b4 22. Re3 Qc4 23. b3 Qc7 24. cxb4 axb4 25. Qd2 Qa5 26. Rfe1 Qa3 27. Rf3
Ra7 28. Kh2 Rac7 29. Re2 Rc1 30. Qf4 Qa7 31. g3 Ra1 32. Qh4 Qc7 33. Qg5 Qa7 34.
Qh4 Qa6 35. Rfe3 Rxa2 36. Rxa2 Qxa2 37. Kg2 Qa7 38. Re2 Qa6 39. Rc2 f6 40. Rc5
Qb7 41. Qf4 Rxc5 42. dxc5 e5 43. Qd2 d4+ 44. Kg1 Qd5 45. Qxb4 d3 46. Qd2 Qxb3
47. Kf1 Qb1+ 48. Qe1 Qc2 49. Qe4 Qc1+ 50. Kg2 d2 51. Qe2 0-1

[Event "8. Open Bali sub-2300"]
[Site "Benidorm ESP"]
[Date "2009.11.30"]
[Round "3.4"]
[White "Aranda Gonzalez, Jose"]
[Black "Jove Grau, Lluis"]
[Result "1-0"]
[WhiteElo "2276"]
[BlackElo "2205"]
[PlyCount "45"]
[EventDate "2009.11.28"]
[EventType "swiss"]
[EventRounds "10"]
[EventCountry "ESP"]
[Source "lmi"]
[SourceDate "2009.11.28"]

1. e4 e5 2. Nf3 Nc6 3. Bb5 Bc5 4. O-O Nge7 5. c3 Bb6 6. d4 exd4 7. cxd4 d5 8.
exd5 Nxd5 9. Ne5 O-O 10. Nxc6 bxc6 11. Bxc6 Rb8 12. Nc3 Nb4 13. Be4 Bxd4 14. a3
Na6 15. Qc2 Nc5 16. Bxh7+ Kh8 17. Be3 g6 18. Bxg6 fxg6 19. Qxg6 Rb6 20. Qh5+
Kg7 21. Rad1 Nb3 22. Bxd4+ Nxd4 23. Qe5+ 1-0

[Event "8. Open Bali sub-2300"]
[Site "Benidorm ESP"]
[Date "2009.11.30"]
[Round "3.5"]
[White "Voiteanu, Gabriel"]
[Black "Angulo Martinez, Jon"]
[Result "1-0"]
[WhiteElo "2257"]
[BlackElo "2198"]
[PlyCount "43"]
[EventDate "2009.11.28"]
[EventType "swiss"]
[EventRounds "10"]
[EventCountry "ESP"]
[Source "lmi"]
[SourceDate "2009.11.28"]

1. d4 d5 2. c4 c6 3. Nf3 Nf6 4. e3 e6 5. Nc3 Nbd7 6. Bd2 Be7 7. Qc2 O-O 8. Bd3
c5 9. O-O cxd4 10. exd4 dxc4 11. Bxc4 Nb6 12. Bd3 h6 13. Ne4 Nxe4 14. Bxe4 Bf6
15. Rfd1 Nd5 16. Ne5 Qb6 17. Qd3 Bxe5 18. dxe5 Qxb2 19. Qg3 Kh8 20. Rab1 Qxa2
21. Rb3 Qa4 22. Bxh6 1-0

[Event "8. Open Bali sub-2300"]
[Site "Benidorm ESP"]
[Date "2009.11.30"]
[Round "3.6"]
[White "Poyato Sala, Josep Albert"]
[Black "Lillo Castay, Victor"]
[Result "1/2-1/2"]
[WhiteElo "2197"]
[BlackElo "2256"]
[PlyCount "67"]
[EventDate "2009.11.28"]
[EventType "swiss"]
[EventRounds "10"]
[EventCountry "ESP"]
[Source "lmi"]
[SourceDate "2009.11.28"]

1. d4 Nf6 2. Nf3 e6 3. c4 c5 4. d5 b5 5. Bg5 exd5 6. cxd5 d6 7. e4 a6 8. a4 Be7
9. Nbd2 Nxd5 10. Bxe7 Qxe7 11. axb5 O-O 12. Bc4 Nf4 13. O-O Bb7 14. Re1 axb5
15. Rxa8 Bxa8 16. Bxb5 Qf6 17. Bf1 Nc6 18. Nc4 Rd8 19. g3 Ne6 20. Bg2 Ned4 21.
Nxd4 Nxd4 22. f4 Rb8 23. e5 Qe6 24. Bxa8 Rxa8 25. Nxd6 Ra2 26. Nb5 Qb6 27. Nxd4
cxd4 28. Qc2 d3+ 29. Qf2 d2 30. Rd1 Qxb2 31. Kg2 Qc2 32. Qe2 Qc6+ 33. Kf2 Qd5
34. Qf3 1/2-1/2

[Event "8. Open Bali sub-2300"]
[Site "Benidorm ESP"]
[Date "2009.11.30"]
[Round "3.7"]
[White "Renteria, Jorge"]
[Black "Turcu, Iulian"]
[Result "1-0"]
[WhiteElo "2248"]
[BlackElo "2197"]
[PlyCount "83"]
[EventDate "2009.11.28"]
[EventType "swiss"]
[EventRounds "10"]
[EventCountry "ESP"]
[Source "lmi"]
[SourceDate "2009.11.28"]

1. e4 e5 2. Nf3 Nc6 3. Bb5 a6 4. Ba4 Nf6 5. d3 b5 6. Bb3 Bc5 7. O-O O-O 8. a4
Bb7 9. Nc3 Na5 10. Nxe5 Nxb3 11. cxb3 d5 12. d4 Bd6 13. axb5 axb5 14. Rxa8 Bxa8
15. Nxb5 dxe4 16. Bg5 Be7 17. Nc3 Nd5 18. Bxe7 Qxe7 19. Re1 f5 20. Qe2 Nf4 21.
Qc4+ Kh8 22. Ra1 Bb7 23. Qc5 Qxc5 24. dxc5 Nd3 25. Nxd3 exd3 26. f3 g5 27. Kf2
g4 28. Ra7 Rb8 29. b4 gxf3 30. gxf3 d2 31. Ke2 Bxf3+ 32. Kxf3 Rxb4 33. Nd1 Re4
34. Rxc7 Re1 35. Nc3 d1=Q+ 36. Nxd1 Rxd1 37. c6 Rf1+ 38. Ke2 Rh1 39. Rd7 Rxh2+
40. Kf3 Rh3+ 41. Kg2 Rb3 42. Rd2 1-0

[Event "8. Open Bali sub-2300"]
[Site "Benidorm ESP"]
[Date "2009.11.30"]
[Round "3.8"]
[White "Ibarra Jerez, Juan Miguel"]
[Black "Sanchez Barbado, Carlos"]
[Result "1/2-1/2"]
[WhiteElo "2244"]
[BlackElo "2183"]
[PlyCount "104"]
[EventDate "2009.11.28"]
[EventType "swiss"]
[EventRounds "10"]
[EventCountry "ESP"]
[Source "lmi"]
[SourceDate "2009.11.28"]

1. e4 c5 2. Nf3 e6 3. d4 cxd4 4. Nxd4 Nf6 5. Nc3 Nc6 6. Ndb5 Bb4 7. a3 Bxc3+ 8.
Nxc3 d5 9. Bd3 dxe4 10. Nxe4 Nxe4 11. Bxe4 Qxd1+ 12. Kxd1 Bd7 13. Be3 O-O-O 14.
Ke2 e5 15. f3 b6 16. Rhd1 f5 17. Bd5 Ne7 18. Bc4 h6 19. Bd2 Nc6 20. Kf2 Kc7 21.
Bc3 Rhe8 22. Re1 g5 23. Rad1 Bc8 24. Rxd8 Rxd8 25. Bxe5+ Nxe5 26. Rxe5 Rd2+ 27.
Re2 Rxe2+ 28. Kxe2 Kd6 29. Bf7 Ke5 30. Kd3 Bb7 31. Bh5 Bc8 32. b4 Bd7 33. g3 f4
34. c3 Bc6 35. Bg4 Bd5 36. c4 Bc6 37. Bh5 Bb7 38. gxf4+ gxf4 39. Kc3 Bc6 40.
Bg4 Bb7 41. Bh5 Ba8 42. a4 a5 43. c5 bxc5 44. bxa5 Bc6 45. a6 Kd6 46. a7 Bd5
47. a5 Kc7 48. a8=Q Bxa8 49. Kc4 Kd6 50. Bg4 Bd5+ 51. Kb5 Bc6+ 52. Kc4 Bd5+
1/2-1/2

[Event "8. Open Bali sub-2300"]
[Site "Benidorm ESP"]
[Date "2009.11.30"]
[Round "3.9"]
[White "Lillo Ferrer, Jose Maria M"]
[Black "Del Valle Cirera, Adria"]
[Result "1-0"]
[WhiteElo "2194"]
[BlackElo "2236"]
[PlyCount "105"]
[EventDate "2009.11.28"]
[EventType "swiss"]
[EventRounds "10"]
[EventCountry "ESP"]
[Source "lmi"]
[SourceDate "2009.11.28"]

1. e4 c5 2. d3 e6 3. f4 d5 4. Be2 Nc6 5. Nf3 Nf6 6. e5 Nd7 7. c3 Be7 8. O-O O-O
9. d4 f5 10. Na3 b6 11. Nc2 b5 12. b3 c4 13. Ba3 Bxa3 14. Nxa3 cxb3 15. axb3 b4
16. Nb1 bxc3 17. Nxc3 Nb6 18. Qd2 Qe7 19. Na4 Nxa4 20. Rxa4 Rb8 21. Rc1 Nb4 22.
Rc5 Qb7 23. Qc3 Qb6 24. Rc7 a5 25. Qc5 Qxc5 26. dxc5 Ra8 27. Nd4 Rf7 28. Rxf7
Kxf7 29. c6 Ke7 30. Ra1 Kd8 31. Kf2 Kc7 32. Ke3 Kb6 33. Bb5 Na6 34. Bxa6 Rxa6
35. h4 h5 36. Kd3 Ra7 37. Rc1 Rc7 38. Rb1 Ba6+ 39. Ke3 Bc8 40. b4 axb4 41.
Rxb4+ Kc5 42. Rb5+ Kc4 43. Ra5 Kb4 44. Rb5+ Kc4 45. Ra5 Kb4 46. Ra8 Kc4 47.
Ra4+ Kc5 48. Kd3 Kb6 49. Kc3 Ba6 50. Kb4 g6 51. Ra3 Bc8 52. Ra8 Bb7 53. Rb8 1-0

[Event "8. Open Bali sub-2300"]
[Site "Benidorm ESP"]
[Date "2009.11.30"]
[Round "3.10"]
[White "Dobre, Claudiu-Cristian"]
[Black "Garcia Gata, Jorge D"]
[Result "1-0"]
[WhiteElo "2286"]
[BlackElo "2153"]
[PlyCount "67"]
[EventDate "2009.11.28"]
[EventType "swiss"]
[EventRounds "10"]
[EventCountry "ESP"]
[Source "lmi"]
[SourceDate "2009.11.28"]

1. e4 c5 2. Nf3 g6 3. c4 Nc6 4. d4 cxd4 5. Nxd4 Nf6 6. Nc3 Nxd4 7. Qxd4 d6 8.
Be3 Bg7 9. Be2 O-O 10. Qd2 a5 11. O-O a4 12. Rac1 Qa5 13. Rfd1 Be6 14. f3 Rfc8
15. Nb5 Qxd2 16. Rxd2 Nd7 17. Nd4 Nc5 18. Kf2 Bd7 19. Rdd1 f5 20. exf5 gxf5 21.
f4 e5 22. Nf3 Ne4+ 23. Ke1 exf4 24. Bd4 Re8 25. Bxg7 Kxg7 26. Ng1 Ra5 27. Nh3
Rae5 28. Nxf4 b5 29. c5 Nxc5 30. Rxd6 Bc8 31. Kf1 Ne4 32. Rc7+ Kh8 33. Rh6 R5e7
34. Rxe7 1-0

[Event "8. Open Bali sub-2300"]
[Site "Benidorm ESP"]
[Date "2009.11.30"]
[Round "3.11"]
[White "Tallo Dominguez, Imar"]
[Black "Longa Yauca, Javier"]
[Result "1-0"]
[WhiteElo "2192"]
[BlackElo "2267"]
[PlyCount "87"]
[EventDate "2009.11.28"]
[EventType "swiss"]
[EventRounds "10"]
[EventCountry "ESP"]
[Source "lmi"]
[SourceDate "2009.11.28"]

1. e4 Nf6 2. e5 Nd5 3. d4 d6 4. c4 Nb6 5. exd6 cxd6 6. Nc3 g6 7. Be3 Bg7 8. Rc1
O-O 9. b3 e5 10. dxe5 dxe5 11. Qxd8 Rxd8 12. c5 N6d7 13. Bc4 Nc6 14. Nf3 h6 15.
Nb5 e4 16. Nd2 Nde5 17. Nxe4 Nxc4 18. Rxc4 Be6 19. Rc2 Nb4 20. Re2 Bd7 21. Ned6
Nd3+ 22. Kf1 Bc6 23. Rc2 f5 24. Ke2 f4 25. Nc7 fxe3 26. Kxd3 Rac8 27. Ne6 Bb5+
28. Rc4 exf2 29. Nxd8 Rxd8 30. Rf1 b6 31. Ke4 Bxc4 32. Nxc4 Re8+ 33. Kd5 Rd8+
34. Kc6 Rc8+ 35. Kb7 Rxc5 36. Rxf2 b5 37. Na5 Bd4 38. Rd2 Bg1 39. h3 b4 40. Nc6
Rb5+ 41. Kc7 Rc5 42. Kd6 Rc1 43. Kd7 Bc5 44. Ne5 1-0

[Event "8. Open Bali sub-2300"]
[Site "Benidorm ESP"]
[Date "2009.11.30"]
[Round "3.12"]
[White "Garbea, Bogdan"]
[Black "Molvig, Henrik"]
[Result "1/2-1/2"]
[WhiteElo "2254"]
[BlackElo "2187"]
[PlyCount "57"]
[EventDate "2009.11.28"]
[EventType "swiss"]
[EventRounds "10"]
[EventCountry "ESP"]
[Source "lmi"]
[SourceDate "2009.11.28"]

1. d4 Nf6 2. c4 g6 3. Nc3 Bg7 4. e4 d6 5. h3 O-O 6. Bg5 c5 7. d5 h6 8. Be3 e6
9. Bd3 exd5 10. exd5 Re8 11. Nf3 Bf5 12. Bxf5 gxf5 13. O-O Ne4 14. Nxe4 fxe4
15. Nd2 Qh4 16. Qb3 Nd7 17. f3 exf3 18. Nxf3 Qh5 19. Bf2 b6 20. Rae1 Nf6 21.
Bg3 Ne4 22. Bh2 f5 23. Qc2 Rf8 24. a4 Rae8 25. Kh1 Qg6 26. Nh4 Qg5 27. Nf3 Qg6
28. Nh4 Qg5 29. Nf3 1/2-1/2

[Event "8. Open Bali sub-2300"]
[Site "Benidorm ESP"]
[Date "2009.11.30"]
[Round "3.13"]
[White "Martin Fuentes, Alberto"]
[Black "Acebal Muniz, Antonio"]
[Result "0-1"]
[WhiteElo "2247"]
[BlackElo "2171"]
[PlyCount "94"]
[EventDate "2009.11.28"]
[EventType "swiss"]
[EventRounds "10"]
[EventCountry "ESP"]
[Source "lmi"]
[SourceDate "2009.11.28"]

1. e4 e5 2. Nf3 Nc6 3. d4 exd4 4. Bc4 Nf6 5. O-O Bc5 6. e5 d5 7. exf6 dxc4 8.
fxg7 Rg8 9. Bg5 Be7 10. Bxe7 Kxe7 11. Re1+ Be6 12. Re4 d3 13. Nbd2 dxc2 14.
Qxc2 Qd3 15. Qa4 Rad8 16. Re3 Qd5 17. Qa3+ Qd6 18. Qc3 Qb4 19. Qc2 Rxg7 20. a3
Qb5 21. Rae1 Kd7 22. Ne4 Kc8 23. Qc3 Rg6 24. h4 h6 25. Ng3 Qb3 26. Qc1 Rd3 27.
R3e2 c3 28. h5 Rg8 29. bxc3 Rxc3 30. Qxh6 Rxf3 31. gxf3 Nd4 32. Qf6 Nxe2+ 33.
Rxe2 Qd1+ 34. Kh2 Rxg3 35. Qh8+ Kd7 36. Kxg3 Qxe2 37. h6 Qf1 38. h7 Qg1+ 39.
Kf4 Qc1+ 40. Kg3 Qg5+ 41. Kh2 Qh4+ 42. Kg1 Qg5+ 43. Kh2 Qh4+ 44. Kg1 Bf5 45.
Qb2 Qg5+ 46. Kf1 Bd3+ 47. Ke1 Qg1+ 0-1

[Event "8. Open Bali sub-2300"]
[Site "Benidorm ESP"]
[Date "2009.11.30"]
[Round "3.14"]
[White "Tejero Royo, Fermin"]
[Black "Maisuradze, Nino"]
[Result "0-1"]
[WhiteElo "2170"]
[BlackElo "2242"]
[PlyCount "120"]
[EventDate "2009.11.28"]
[EventType "swiss"]
[EventRounds "10"]
[EventCountry "ESP"]
[Source "lmi"]
[SourceDate "2009.11.28"]

1. e4 c5 2. c3 d5 3. exd5 Qxd5 4. d4 Nf6 5. Nf3 Bg4 6. Be2 e6 7. O-O Nc6 8. Be3
cxd4 9. cxd4 Bb4 10. Nc3 Qd6 11. a3 Ba5 12. Qb3 O-O 13. Rfd1 Rfd8 14. Qb5 Bc7
15. h3 Bf5 16. Qc5 a6 17. b4 Ne4 18. Nxe4 Bxe4 19. Qh5 Bg6 20. Qc5 Ne7 21. Qxd6
Bxd6 22. Nd2 Nd5 23. Bf3 Rac8 24. Rdc1 Be7 25. Nc4 Rc7 26. Na5 Rcd7 27. Nb3 h6
28. Nc5 Rc7 29. Kf1 Bg5 30. Ke2 Be7 31. Nd3 Bxd3+ 32. Kxd3 Rcd7 33. Ke2 f5 34.
g3 Bf6 35. Ra2 g5 36. Rac2 Kf7 37. Rc8 f4 38. Rxd8 Bxd8 39. gxf4 gxf4 40. Bd2
Bb6 41. Bxd5 Rxd5 42. Bxf4 Rxd4 43. Bc7 Ba7 44. f4 Re4+ 45. Kd2 Be3+ 46. Kd3
Bxc1 47. Kxe4 Bxa3 48. Ba5 Bb2 49. Bb6 Kg6 50. Bd8 Bc3 51. Be7 a5 52. bxa5 Bxa5
53. Ke5 Kf7 54. Ba3 Bc7+ 55. Ke4 Kg6 56. Be7 Ba5 57. Ke5 Kf7 58. Ba3 Bc3+ 59.
Ke4 b5 60. f5 e5 0-1